ARRUPE JESUIT UNIVERSITY

CORONAVIRUS -STOP THE SPREAD - CLEAN,DISINFECT,COVER

Dar al-Kuti and the last years of the trans-Saharan slave trade / (Record no. 23214)

MARC details
000 -LEADER
fixed length control field 00946pam a2200265 a 4500
001 - CONTROL NUMBER
control field 2843104
003 - CONTROL NUMBER IDENTIFIER
control field ARRUPE
005 - DATE AND TIME OF LATEST TRANSACTION
control field 20170614111242.0
008 - FIXED-LENGTH DATA ELEMENTS--GENERAL INFORMATION
fixed length control field 840824s1985 wiuab b s001 0 eng
010 ## - LIBRARY OF CONGRESS CONTROL NUMBER
LC control number 84040147
020 ## - INTERNATIONAL STANDARD BOOK NUMBER
International Standard Book Number 0299095207 :
Terms of availability $35.00
040 ## - CATALOGING SOURCE
Original cataloging agency DLC
Transcribing agency DLC
Modifying agency DLC
043 ## - GEOGRAPHIC AREA CODE
Geographic area code f-cx---
050 00 - LIBRARY OF CONGRESS CALL NUMBER
Classification number DT546.39.D37
Item number C67 1985
082 00 - DEWEY DECIMAL CLASSIFICATION NUMBER
Classification number 967/.41
Edition number 19
300 ## - PHYSICAL DESCRIPTION
Other physical details ill., maps ;
Dimensions 24 cm.
100 1# - MAIN ENTRY--PERSONAL NAME
Personal name Cordell, Dennis D.,
Dates associated with a name 1947-
9 (RLIN) 32612
245 10 - TITLE STATEMENT
Title Dar al-Kuti and the last years of the trans-Saharan slave trade /
Statement of responsibility, etc Dennis D. Cordell.
260 ## - PUBLICATION, DISTRIBUTION, ETC. (IMPRINT)
Place of publication, distribution, etc Madison, Wis. :
Name of publisher, distributor, etc University of Wisconsin Press,
Date of publication, distribution, etc 1985.
300 ## - PHYSICAL DESCRIPTION
Extent xvii, 283 p. :
500 ## - GENERAL NOTE
General note Includes index.
504 ## - BIBLIOGRAPHY, ETC. NOTE
Bibliography, etc Bibliography: p. 246-268.
650 #0 - SUBJECT ADDED ENTRY--TOPICAL TERM
Topical term or geographic name as entry element Slave-trade
Geographic subdivision Central African Republic
-- Dar-al-Kuti.
9 (RLIN) 32613
651 #0 - SUBJECT ADDED ENTRY--GEOGRAPHIC NAME
Geographic name Dar-al-Kuti (Central African Republic)
General subdivision History.
9 (RLIN) 32614
906 ## - LOCAL DATA ELEMENT F, LDF (RLIN)
a 7
b cbc
c orignew
d 1
e ocip
f 19
g y-gencatlg
942 ## - ADDED ENTRY ELEMENTS (KOHA)
Source of classification or shelving scheme Library of Congress Classification
Koha item type Monograph ( Printed materials)
Holdings
Withdrawn status Lost status Source of classification or shelving scheme Damaged status Not for loan Collection code Home library Current library Date acquired Total Checkouts Full call number Barcode Date last seen Copy number Price effective from Koha item type
    Library of Congress Classification     Main Collection ARRUPE LIBRARY ARRUPE LIBRARY 04/03/2013   DT546.39.D37C67 1985 46600000109 07/12/2017 1 04/03/2013 Monograph ( Printed materials)

 

Arrupe Library. PO Box MP320 Mt Pleasant, Harare, Zimbabwe
263 242 745411|librarian@aju.ac.zw